000
00332nam a22001457a 4500
008
230719b ||||| |||| 00| 0 eng d
020
_a
9780070111529
041
_a
eng
080
_a
52
082
_a
52CLA
100
_a
18
101
_a
ASTR
245
_a
SUPERSTARS HOW STELLAR EXPLOSIONS SHAPE
_c
CLARK .H.D
942
_2
udc
_c
BK
999
_c
60165
_d
60165